| 000 | 00506nam a2200133 4500 | ||
|---|---|---|---|
| 008 | 180126b xxu||||| |||| 00| 0 eng d | ||
| 050 |
_aMT6 _b.W37 1919 |
||
| 100 | _aWarriner, John, 1858. [from old catalog]- | ||
| 245 |
_aQuestions on the art of teaching as applied to music, to be used in connection with the college official text-book on the subject _cJohn Warriner |
||
| 260 |
_aLondon, _bTrinity College of Music _c1919 |
||
| 300 |
_a56p. ; _c19cm. |
||
| 650 |
_aMusic _vQuestions |
||
| 942 |
_2lcc _cBK |
||
| 999 |
_c51968 _d51968 |
||